| 000 | 01553cam a2200349 4500 | ||
|---|---|---|---|
| 008 | 000000n2003 000 0 eng u | ||
| 020 | _a0632055561 | ||
| 035 | _a(Sirsi) u100808 | ||
| 041 | _aeng | ||
| 050 |
_a692.8 _c18 |
||
| 100 | _aChappell, David | ||
| 245 | _aStandard letters for building contractors | ||
| 250 | _a3rd ed. | ||
| 260 |
_aLondon _bBlackwell Science _c2003 |
||
| 300 |
_a320p. _c25cm. |
||
| 350 | _a49.50 | ||
| 520 | _aA revised third edition of this textbook which provides a set of over 200 standard letters for use with the standard forms of building contracts and sub-contracts. The book aims to cover all the common situations likely to be encountered during the lifetime of a contract including: tendering; contract documents; insurance; operations on site; payment, extensions of time; loss and/or expense; determination, arbitration, adjudication and completion; and sub-contractors. | ||
| 520 | _aAccompanied by a CD-ROM (L145175) which is not available for loan. | ||
| 650 | _aBUILT ENVIRONMENT-BUILDING CONTRACT FORMS | ||
| 650 | _aCONSTRUCTION DISPUTES | ||
| 650 | _aDETERMINATION | ||
| 650 | _aEXTENSIONS OF TIME | ||
| 650 | _aBUILT ENVIRONMENT-BUILDING CONTRACT FORMS-STANDARD FORMS OF BUILDING CONTRACT-GC/WORKS CONTRACTS | ||
| 650 |
_aInsurance _96249 |
||
| 650 | _aJCT STANDARD FORMS OF BUILDING CONTRACT | ||
| 650 | _aLOSS AND EXPENSE | ||
| 650 | _aSITE OPERATIONS | ||
| 650 | _aSUBCONTRACTORS | ||
| 650 | _aTENDERING | ||
| 690 | _aBUILDING AND CONSTRUCTION-MANAGEMENT | ||
| 942 | _n0 | ||
| 999 |
_c99846 _d99846 |
||